000
00308nam a22001337a 4500
008
181005b xxu||||| |||| 00| 0 eng d
020
_a
9780521405362
041
_a
eng
080
_a
941
100
_a
18
101
_a
HIS
245
_a
The Pillars of Priestcraft Shaken
_c
Champson, J.A.I
942
_2
udc
_c
BK
999
_c
48877
_d
48877